Normal view
MARC view
- Honigberger, John Martin,
Entry Personal Name
001 - CONTROL NUMBER
- control field: 3828
003 - CONTROL NUMBER IDENTIFIER
- control field: NUST
005 - DATE AND TIME OF LATEST TRANSACTION
- control field: 20170807132112.0
008 - FIXED-LENGTH DATA ELEMENTS
- fixed length control field: 170807|| aca||aabn | a|a d
040 ## - CATALOGING SOURCE
- Original cataloging agency: NUST
- Transcribing agency: NUST
100 ## - HEADING--PERSONAL NAME
- Personal name: Honigberger, John Martin,
- Dates associated with a name: 1795-1869.
670 ## - SOURCE DATA FOUND
- Source citation: Work cat.: (NUST)0: Honigberger, John Martin, 1795-1869., Thirty-five years in the East relating to the Punjab and Cashmere /, 2006.
